000 01583nam a22002057a 4500
008 120808t xxu||||| |||| 00| 0 eng d
020 _a9781305394216
050 _aPE1408.W99
100 _aWyrick, Jean
245 _aSteps to writing well: with additional readings. /
_cJean Wyrick
250 _a10th ed.
260 _aBoston, MA:
_bCengage Learning,
_c2017.
300 _axxxix, 721 p.:
_bill. (col.)
500 _aIncludes index
505 _aContents: Prewriting -- The thesis statement -- The body paragraph -- Beginnings and endings -- Drafting and revising: creative thinking, critical thinking -- Effective sentences -- Word logic -- The reading-writing connection -- Development by example -- Process analysis -- Comparison and contrast -- Definition -- Division and classification -- Causal analysis -- Argumentation -- Description -- Narration -- Writing essays using multiple strategies -- Conducting research and using sources -- Documenting sources -- Classroom writing: exams, timed essays and presentations -- Writing about literature -- Writing in the world of work -- Writing about visual arts -- Writing about film -- Major errors in grammar -- A concise guide to punctuation -- A concise guide to mechanics -- Development by example -- Process analysis -- Comparison and contrast -- Definition -- Division and classification -- Causal essays -- Argumentation -- Description -- Narration -- Essays using multiple strategies and styles -- Literature --
650 _bWriting skills.
650 _aEnglish language.
650 _aGrammar.
942 _2lcc
_cBK
999 _c7310
_d14810